000 00607nam a2200229Ia 4500
003 OSt
005 20220928144551.0
006 a|||||r|||| 00| 0
007 ta
008 220927b |||||||| |||| 00| 0 eng d
024 _a72034
037 _cTextual
040 _aSDCL
_cSDCL
_beng
041 _2eng
_aeng
082 _aX9S.1'N9, N6
100 _aCampbell Dennis Ed.
_9508365
245 0 _aInternational privatization.
260 _c1996
700 _a Hollywood Brian
_9508366
942 _hX9S.1'N9, N6
_cTEXL
_2CC
999 _c828097
_d828097